Sports Quiz

Random Sports or NFL Quiz

NFL Top Rushing QBs by Team (Single Game) Quiz Stats

Quiz Updated Jul 28, 2015

Challenge
Share
Tweet
Embed
Score 0/163 Timer 15:00
0 Plays Today
Team QB % Correct
FalconsMichael Vick
94.2%
FalconsMichael Vick
94.2%
FalconsMichael Vick
94.2%
FalconsMichael Vick
94.2%
FalconsMichael Vick
94.2%
JetsMichael Vick
94.2%
EaglesMichael Vick
94.2%
PanthersCam Newton
90.5%
PanthersCam Newton
90.5%
PanthersCam Newton
90.5%
PanthersCam Newton
90.5%
PanthersCam Newton
90.5%
SeahawksRussell Wilson
89.7%
SeahawksRussell Wilson
89.7%
SeahawksRussell Wilson
89.7%
SeahawksRussell Wilson
89.7%
SeahawksRussell Wilson
89.7%
VikingsWade Wilson
88.9%
PackersAaron Rodgers
86.3%
PackersAaron Rodgers
86.3%
ChiefsAlex Smith
85%
JetsGeno Smith
84.9%
JetsGeno Smith
84.9%
RedskinsRobert Griffin III
84.2%
RedskinsRobert Griffin III
84.2%
RedskinsRobert Griffin III
84.2%
RedskinsRobert Griffin III
84.2%
RedskinsRobert Griffin III
84.2%
49ersSteve Young
84.2%
BucsSteve Young
84.2%
TitansVince Young
84%
PackersBrett Favre
83%
49ersColin Kaepernick
80.8%
49ersColin Kaepernick
80.8%
49ersColin Kaepernick
80.8%
49ersColin Kaepernick
80.8%
SaintsArchie Manning
79.9%
RavensJoe Flacco
79.7%
BroncosTim Tebow
77.4%
BroncosTim Tebow
77.4%
BroncosTim Tebow
77.4%
BroncosTim Tebow
77.4%
TitansSteve McNair
76.4%
TitansSteve McNair
76.4%
TitansSteve McNair
76.4%
TitansSteve McNair
76.4%
TexansDavid Carr
73.5%
TexansDavid Carr
73.5%
TexansDavid Carr
73.5%
VikingsDaunte Culpepper
71%
VikingsDaunte Culpepper
71%
EaglesDonovan McNabb
70.4%
CowboysTroy Aikman
69.2%
CowboysTroy Aikman
69.2%
EaglesRandall Cunningham
67.4%
Team QB % Correct
EaglesRandall Cunningham
67.4%
EaglesRandall Cunningham
67.4%
CowboysRoger Staubach
65.1%
CowboysRoger Staubach
65.1%
CowboysRoger Staubach
65.1%
GiantsPhil Simms
62%
DolphinsRyan Tannehill
61.5%
DolphinsRyan Tannehill
61.5%
SteelersKordell Stewart
60.3%
SteelersKordell Stewart
60.3%
SteelersKordell Stewart
60.3%
SteelersKordell Stewart
60.3%
SteelersTerry Bradshaw
57.5%
RaidersRich Gannon
55.4%
RaidersRich Gannon
55.4%
BillsRob Johnson
55.3%
BillsRob Johnson
55.3%
JaguarsDavid Garrard
54.2%
JaguarsDavid Garrard
54.2%
JaguarsBlake Bortles
54%
JaguarsBlake Bortles
54%
JaguarsMark Brunell
53.3%
SaintsAaron Brooks
52.5%
SaintsAaron Brooks
52.5%
BengalsBoomer Esiason
50.2%
CardinalsJake Plummer
49.3%
CardinalsJake Plummer
49.3%
CardinalsJake Plummer
49.3%
ChargersDan Fouts
48.9%
RaidersTerrelle Pryor
48.8%
RaidersTerrelle Pryor
48.8%
RaidersTerrelle Pryor
48.8%
RamsTrent Green
46.8%
BillsRyan Fitzpatrick
46.1%
TexansRyan Fitzpatrick
46.1%
BillsDoug Flutie
43.6%
ChargersDoug Flutie
43.6%
ChargersDoug Flutie
43.6%
RavensVinny Testaverde
43%
BucsVinny Testaverde
43%
VikingsTarvaris Jackson
41.8%
BucsDoug Williams
35.4%
GiantsJeff Hostetler
35%
GiantsJeff Hostetler
35%
ColtsBert Jones
34.6%
ColtsBert Jones
34.6%
RavensJim Harbaugh
33.7%
ColtsJim Harbaugh
33.7%
PatriotsSteve Grogan
31.5%
PatriotsSteve Grogan
31.5%
PatriotsSteve Grogan
31.5%
PatriotsSteve Grogan
31.5%
PatriotsSteve Grogan
31.5%
RavensTyrod Taylor
31.3%
ColtsCurtis Painter
28.7%
Team QB % Correct
PackersDon Majkowski
25.6%
PackersDon Majkowski
25.6%
DolphinsChad Henne
25%
BengalsJeff Blake
23.4%
BengalsJeff Blake
23.4%
SaintsJeff Blake
23.4%
RamsTony Banks
23.1%
RamsTony Banks
23.1%
BucsShaun King
21.2%
VikingsJoe Webb
20.8%
LionsRodney Peete
19.1%
LionsRodney Peete
19.1%
BengalsVirgil Carter
18.1%
BearsBobby Douglass
15.2%
BearsBobby Douglass
15.2%
BearsBobby Douglass
15.2%
BearsBobby Douglass
15.2%
BearsBobby Douglass
15.2%
ChargersBobby Douglass
15.2%
SaintsJake Delhomme
13.3%
CardinalsKevin Kolb
12.8%
DolphinsDavid Woodley
12.6%
JetsRichard Todd
12%
ChiefsChase Daniel
11.8%
LionsGreg Landry
10.7%
LionsGreg Landry
10.7%
LionsGreg Landry
10.7%
CardinalsJosh McCown
10.2%
ChiefsSteve Bono
10.1%
RamsJames Harris
8%
RamsPat Haden
7.8%
BrownsMike Phipps
5.9%
BrownsMike Phipps
5.9%
BrownsMike Phipps
5.9%
BrownsMike Phipps
5.9%
RavensStoney Case
5.7%
DolphinsDamon Huard
5.4%
JetsBrooks Bollinger
5.2%
BrownsGary Danielson
4.2%
ColtsMike Pagel
3.9%
CardinalsTimm Rosenbach
3.6%
ChiefsSteve Fuller
3.4%
CowboysSteve Pelluer
3.2%
ChiefsSteve Pelluer
3.2%
ColtsArt Schlichter
2.8%
TexansDave Ragone
2.2%
BroncosNorris Weese
2.2%
ChargersWayne Clark
1.6%
GiantsRandy Dean
1%
GiantsRandy Dean
1%
BillsGary Marangi
0.9%
BengalsDonald Hollas
0.8%
BucsMike Rae
0.7%

You're not logged in!

Compare scores with friends on all Sporcle quizzes.
Sign Up with Email
OR
Log In

You Might Also Like...

Show Comments

Extras

Top Quizzes Today


Score Distribution

Your Account Isn't Verified!

In order to create a playlist on Sporcle, you need to verify the email address you used during registration. Go to your Sporcle Settings to finish the process.